000 00961cab a2200325 4500
001 ABS52267
008 090401t1995 xxu||||| |||| 00| 0 eng d
035 _a(Sirsi) u69460
041 _aeng
245 _aFocus `95: West and South Yorks
260 _c1995
350 _a0
490 _aEstates Gazette
_v(9506) 11 February 1995, 79-138(18)
650 _aBRADFORD
650 _aINDUSTRIAL MARKET
650 _aLEEDS
650 _aM62 CORRIDOR
650 _aMEADOWHALL
650 _aPROPERTY-COMMERCIAL PROPERTY-OFFICE PROPERTY-OFFICE PROPERTY MARKET
650 _aOUT-OF-TOWN SHOPPING CENTRES
650 _aPROPERTY-COMMERCIAL PROPERTY-RETAIL PROPERTY-RETAIL PROPERTY MARKET
650 _aSHEFFIELD
650 _aSOUTH YORKSHIRE
650 _aWEST YORKSHIRE
650 _aWHITE ROSE SHOPPING CENTRE
650 _aYORKSHIRE
690 _aPROPERTY-COMMERCIAL PROPERTY-COMMERCIAL PROPERTY MARKET
942 _n0
948 _c04/03/1997
999 _c43627
_d43627